[Event "GM"]
[Site "Marianske Lazne CZE"]
[Date "2007.01.20"]
[Round "2"]
[White "Zawadzka,J"]
[Black "Womacka,M"]
[Result "0-1"]
[WhiteElo "2350"]
[BlackElo "2448"]

1.e4 c5 2.Nf3 d6 3.d4 cxd4 4.Nxd4 Nf6 5.Nc3 a6 6.f3 e5 7.Nb3 Be6 8.Be3 Nbd7
9.g4 Be7 10.Qd2 O-O 11.O-O-O Qc7 12.Kb1 Rfc8 13.g5 Nh5 14.Nd5 Bxd5 15.exd5 Re8
16.Bh3 Bf8 17.Bg4 Nf4 18.Bxf4 exf4 19.Bxd7 Qxd7 20.Qxf4 Re5 21.Nd2 Rxd5 22.Ne4 Qf5
23.Qxf5 Rxf5 24.c4 b5 25.Rd5 Rxd5 26.cxd5 Re8 27.Rd1 Re5 28.Rd4 f5 29.gxf6 Rh5
30.Rd2 Rf5 31.fxg7 Kxg7 32.Rg2+ Kh6 33.Rg3 Be7 34.Kc2 Rxd5 35.Rg8 Rf5 36.Re8 Bh4
37.Re6+ Kg7 38.Nd2 Rf6 39.Re4 Bf2 40.Kd3 Bg1 41.Rg4+ Rg6 42.h3 Bh2 43.Ne4 Be5
44.b3 h5 45.Rxg6+ Kxg6 46.Ke3 Kf5 47.Nf2 Bh2 48.Nd3 Bg1+ 49.Ke2 a5 50.a4 bxa4
51.bxa4 Bd4 52.Nc1 Kf4 53.Nb3 Bb6 54.Nd2 d5 55.Nf1 Bc5 56.h4 Bb6 57.Nd2 Kg3
58.Nb1 Bd4 59.Na3 Kxh4 60.Nb5 Be5 61.Na7 Kg3 62.Nc6 Bc3 63.Ne7 d4 64.Nf5+ Kf4
65.Nh4 Bb4 66.Kd3 Bc5 67.Ke2 Bb6 68.Ng6+ Kf5 69.Ne7+ Kg5 70.f4+ Kg4 71.f5 Bc5
72.f6 h4 73.Ng6 h3 74.Kf1 Kf5 75.Nh4+ Kxf6 76.Nf3 Kf5 77.Ne1 Ke4 78.Ke2 h2
79.Nd3 Kd5 80.Nf2 d3+  0-1

[Event "ch-EST"]
[Site "Tallinn EST"]
[Date "2007.01.24"]
[Round "6"]
[White "Soot,M"]
[Black "Kanep,M"]
[Result "0-1"]
[WhiteElo "2096"]
[BlackElo "2504"]

1.e4 c5 2.Nf3 d6 3.d4 cxd4 4.Nxd4 Nf6 5.Nc3 a6 6.f3 b5 7.a4 b4 8.Nd5 e6 9.Nxf6+ gxf6
10.Be3 Bb7 11.Qd2 Qc7 12.Bd3 Nd7 13.Nb3 d5 14.Bf4 Ne5 15.O-O Rd8 16.Qe2 Bd6
17.Kh1 dxe4 18.Bxe4 Bxe4 19.Qxe4 Qc4 20.Nd2 Qxe4 21.Nxe4 Be7 22.Rad1 O-O
23.c3 bxc3 24.Bxe5 Rxd1 25.Rxd1 c2 26.Rc1 Rd8 27.Nf2 Rd2 28.Bd4 Rxd4 29.Rxc2 Rxa4
30.g4 Bd6 31.Kg2 Be5 32.Nd3 Kg7 33.Nxe5 fxe5 34.Rc6 e4 35.fxe4 Rxe4 36.Kf3 Rb4
37.Rxa6 Rxb2 38.Kg3 Rb3+ 39.Kh4 Kf6 40.Ra5 h6 41.Rh5 Kg6 42.Re5 Ra3 43.h3 Rd3
44.Ra5 Rf3 45.Re5 Kg7 46.Ra5 Re3 47.Ra8 Rf3 48.Re8 Ra3 49.Rb8 Ra5 50.Re8 Rd5
51.Ra8 Rd7 52.Kg3 f6 53.Re8 e5 54.Ra8 Rd3+ 55.Kh4 Rf3 56.Ra7+ Kf8 57.Kh5 e4
58.Kxh6 e3 59.Ra2 Kf7 60.h4 Rf4 61.Kh5 Re4 62.Re2 Kg7 63.Re1 e2 64.g5 Kf7  0-1

[Event "ch-CUB KO"]
[Site "Santa Clara CUB"]
[Date "2007.01.25"]
[Round "2.2"]
[White "Quezada,Y"]
[Black "Dominguez,L"]
[Result "1/2-1/2"]
[WhiteElo "2515"]
[BlackElo "2677"]

1.e4 c5 2.Nf3 d6 3.d4 cxd4 4.Nxd4 Nf6 5.Nc3 a6 6.f3 e5 7.Nb3 Be6 8.Be3 h5
9.Qd2 Nbd7 10.O-O-O Qc7 11.Kb1 Be7 12.Nd5 Bxd5 13.exd5 Nb6 14.Bxb6 Qxb6 15.Qe2 h4
16.Qe1 Kf8 17.Nd2 g6 18.Ne4 Rc8 19.Qd2 Kg7 20.Be2 Nd7 21.g4 hxg3 22.hxg3 Nf6
23.Qd3 Rxh1 24.Rxh1 Rh8 25.Rxh8 Kxh8 26.g4 Qg1+ 27.Bd1 Nd7 28.a3 Kg7 29.Ka2 Nc5
30.Nxc5 Qxc5  1/2-1/2

[Event "Open"]
[Site "Moscow RUS"]
[Date "2007.01.28"]
[Round "2"]
[White "Airapetian,Ta"]
[Black "Vorobiov,E"]
[Result "0-1"]
[WhiteElo "2245"]
[BlackElo "2563"]

1.e4 c5 2.Nf3 d6 3.d4 cxd4 4.Nxd4 Nf6 5.Nc3 a6 6.f3 Qb6 7.Nb3 e6 8.Qe2 Qc7
9.Be3 b5 10.Qf2 Nbd7 11.Bd3 Be7 12.g4 Ne5 13.O-O-O Nfd7 14.Kb1 O-O 15.Rhg1 b4
16.Ne2 a5 17.Nbd4 Nc5 18.f4 Nexd3 19.cxd3 b3 20.a3 Ba6 21.Nc1 Rfc8 22.g5 Bf8
23.Rg2 Qb7 24.f5 e5 25.g6 exd4 26.gxh7+ Kh8 27.Bxd4 f6 28.Bxf6 Nxe4 29.dxe4 Qxe4+
30.Ka1 Rc2 31.Rxg7 Bxg7 32.Bxg7+ Kxh7 33.Qg3 Rg2 34.Qh3+ Kxg7 35.Rxd6 Bc4
36.Qh6+ Kg8 37.Rg6+ Rxg6 38.Qxg6+ Kf8 39.Qf6+ Ke8 40.Qg6+ Bf7  0-1

[Event "Zima Rating Tournament"]
[Site "St Petersburg RUS"]
[Date "2007.01.29"]
[Round "1"]
[White "Korchagina,V"]
[Black "Fedoseev,S"]
[Result "0-1"]
[WhiteElo "2123"]
[BlackElo "2243"]

1.e4 c5 2.Nf3 d6 3.d4 cxd4 4.Nxd4 Nf6 5.Nc3 a6 6.f3 e6 7.Be3 b5 8.Qd2 Bb7
9.g4 Nfd7 10.O-O-O Nb6 11.Qf2 N8d7 12.Kb1 Rc8 13.h4 Nc5 14.Nb3 Qc7 15.g5 b4
16.Nxc5 dxc5 17.Ne2 Be7 18.Rg1 O-O 19.Ng3 a5 20.f4 a4 21.h5 a3 22.b3 Bd8
23.Bb5 Be7 24.Rd2 Rfd8 25.Bd3 Bf8 26.Rgd1 Rd7 27.Nf1 Qc6 28.Nh2 c4 29.Bxb6 cxd3
30.cxd3 Ba6 31.Rc2 Qb5 32.Rxc8 Bxc8 33.Bd4 Qa5 34.Ng4 Ba6 35.Ne5 Rb7 36.Nc4 Bxc4
37.dxc4 Rd7 38.Qe2 Qd8 39.Kc2 Rxd4 40.Re1 e5 41.g6 exf4 42.gxf7+ Kxf7 43.e5 Be7
44.Rg1 Kg8 45.Rg2 Qf8 46.Qf3 Qf5+ 47.Kc1 Rd3 48.Qa8+ Bf8 49.Rc2 Qxe5 50.Qh1 Qa1+  0-1

[Event "Open"]
[Site "Moscow RUS"]
[Date "2007.02.01"]
[Round "6"]
[White "Najer,E"]
[Black "Ulko,J"]
[Result "1-0"]
[WhiteElo "2605"]
[BlackElo "2460"]

1.e4 c5 2.Nf3 d6 3.d4 cxd4 4.Nxd4 Nf6 5.Nc3 a6 6.f3 e6 7.Be3 Nc6 8.Qd2 Be7
9.g4 O-O 10.O-O-O Nd7 11.Kb1 Nde5 12.Qg2 Nxd4 13.Bxd4 Qc7 14.g5 b5 15.h4 Bd7
16.f4 b4 17.Ne2 Rfc8 18.Ng3 Nc6 19.Be3 d5 20.g6 hxg6 21.h5 b3 22.axb3 g5
23.fxg5 Bd6 24.Ne2 Be5 25.g6 Be8 26.gxf7+ Bxf7 27.h6 g6 28.h7+ Kh8 29.Qf2 Bg7
30.Bh6 Qe5 31.Bxg7+ Qxg7 32.Bh3 Rc7 33.Nf4 Qf6 34.Nxg6+ Qxg6 35.Rdg1 Qh6
36.Bxe6 Qxe6 37.Qg3 Bg6 38.Qxc7 Ne5 39.exd5 Qxd5 40.Qc3 Re8 41.Rh6 Bf5 42.Rh5 Qf7
43.Rg8+ Rxg8 44.Qxe5+  1-0

[Event "Open"]
[Site "Moscow RUS"]
[Date "2007.02.02"]
[Round "7"]
[White "Vorobiov,E"]
[Black "Gabrielian,A"]
[Result "1-0"]
[WhiteElo "2563"]
[BlackElo "2521"]

1.e4 c5 2.Nf3 d6 3.d4 cxd4 4.Nxd4 Nf6 5.Nc3 a6 6.f3 e6 7.Be3 b5 8.g4 h6 9.Qd2 Nbd7
10.O-O-O b4 11.Nce2 d5 12.exd5 Nxd5 13.Nf4 N7f6 14.Bc4 Bb7 15.Rhe1 Nxf4 16.Bxf4 Bc5
17.Be5 Bxd4 18.Qf4 Nd5 19.Qxd4 O-O 20.Kb1 f6 21.Bg3 Qd7 22.f4 Rad8 23.g5 Qc6
24.Kc1 hxg5 25.fxg5 Nc3 26.Bxe6+ Qxe6 27.Rxe6 Nxd1 28.Rd6 Nc3  1-0

[Event "Zima Rating Tournament"]
[Site "St Petersburg RUS"]
[Date "2007.02.02"]
[Round "5"]
[White "Korchagina,V"]
[Black "Frolov,Alb"]
[Result "0-1"]
[WhiteElo "2123"]
[BlackElo "2035"]

1.e4 c5 2.Nf3 d6 3.d4 cxd4 4.Nxd4 Nf6 5.Nc3 a6 6.f3 e5 7.Nb3 Be6 8.Be3 Nbd7
9.Qd2 Be7 10.O-O-O O-O 11.g4 Nc5 12.g5 Nh5 13.h4 Qc7 14.Bh3 Bxh3 15.Rxh3 Nxb3+
16.axb3 Qa5 17.Kb1 Rfe8 18.Qf2 Rac8 19.Nd5 Qd8 20.f4 exf4 21.Qf3 fxe3 22.Qxh5 Rxc2
23.Rxe3 Rc6 24.Rf1 g6 25.Qf3 Rf8 26.Nf6+ Kg7 27.h5 Rc5 28.Qh3 Bxf6 29.gxf6+ Kh8
30.hxg6 fxg6 31.Ref3 Qe8 32.Qh4 Rf7 33.Qg4 Qc8 34.Qf4 Qe6 35.Qe3 Kg8 36.Rf4 Rb5
37.R1f3 Rb4 38.Qa7 Rxe4 39.Qb8+ Qe8 40.Qxd6 Re6 41.Qd4 Qd7 42.Qc3 Rc6 43.Qe3 Re6
44.Qc1 Qe8 45.Qc4 Rd6 46.Re4 Qd8 47.Qa4 b5 48.Qb4 Rdxf6 49.Rxf6 Qxf6 50.Ka2 Kg7
51.Qe1 h5 52.Re6 Qf5 53.Qc3+ Kh7 54.Re5 Qf6 55.Qe3 Qf4 56.Qc5 h4 57.Qc3 b4
58.Qe1 h3 59.Re2 Rf5 60.Re4 Ra5+ 61.Kb1 Qf5 62.Qh4+ Kg7 63.Qe7+ Qf7 64.Qxb4 Qf1+
65.Kc2 Qf2+ 66.Kb1 Qf5 67.Qd4+ Kh7 68.Qa7+ Kh6 69.Qe3+ g5 70.Qd3 Re5 71.Qd6+ Kh5
72.Qxe5 Qxe5 73.Rxe5 Kh4 74.Kc2 g4 75.Kd3 h2 76.Re8 g3 77.Ke3 g2 78.Kf4 Kh5
79.Rh8+ Kg6 80.Rg8+ Kf7 81.Rxg2 h1=Q 82.Rf2 Ke6 83.Ke3 Qd1 84.b4 Qb3+ 85.Ke4 Qxb4+
86.Kd3 Qb5+ 87.Ke3 Ke5 88.Rd2 Qb3+ 89.Ke2 Ke4 90.Ke1 Qb4  0-1

[Event "Bundesliga 2006-7"]
[Site "Tegernsee GER"]
[Date "2007.02.04"]
[Round "9"]
[White "Cvek,R"]
[Black "Alekseev,Evgeny"]
[Result "1/2-1/2"]
[WhiteElo "2530"]
[BlackElo "2661"]

1.e4 c5 2.Nf3 d6 3.d4 cxd4 4.Nxd4 Nf6 5.Nc3 a6 6.f3 e6 7.Be3 Be7 8.Qd2 O-O
9.O-O-O Nc6 10.g4 Nxd4 11.Qxd4 Nd7 12.h4 b5 13.Kb1 Rb8 14.g5 b4 15.Na4 Bb7
16.b3 a5 17.Bc4 Bc6 18.h5 Bxa4  1/2-1/2

[Event "ch-UKR U20"]
[Site "Lviv UKR"]
[Date "2007.02.08"]
[Round "9"]
[White "Vovk,Y"]
[Black "Zhornik,N"]
[Result "1-0"]
[WhiteElo "2497"]
[BlackElo "2365"]

1.e4 c5 2.Nf3 d6 3.d4 cxd4 4.Nxd4 Nf6 5.Nc3 a6 6.f3 e5 7.Nb3 Be6 8.Be3 Nbd7
9.Qd2 Be7 10.O-O-O b5 11.g4 Nb6 12.g5 Nfd7 13.Nd5 Bxd5 14.exd5 Rc8 15.Rg1 Nc4
16.Qe1 Nxe3 17.Qxe3 Qb6 18.Qxb6 Nxb6 19.h4 g6 20.Rd3 h6 21.Nd2 hxg5 22.hxg5 Rh2
23.b4 Na4 24.Ra3 Rc3 25.Rxa4 bxa4 26.Bxa6 a3 27.Bd3 Bd8 28.Ne4 Rxd3 29.cxd3 Rxa2
30.Kb1 Rb2+ 31.Ka1 Bb6 32.Rb1 Rc2 33.Nxd6+ Kd7 34.Nb5 Rf2 35.Rb3 Rxf3 36.Rxa3 Rf5
37.Ra6 Be3 38.Nd6 Rxg5 39.Ne4 Rg2 40.d6 Ke6 41.Ra8 Kd7 42.Rf8 f5 43.Rf7+ Ke6
44.Re7+ Kd5 45.d7 Bb6 46.Nc5 f4 47.Rf7 Kd4 48.Rf6 Bd8 49.Rf8 Bb6 50.Na4 Bc7
51.Rc8 f3 52.Rxc7 f2 53.d8=Q+ Ke3 54.Rc1 Rg1 55.Qb6+  1-0

[Event "II Int Open"]
[Site "Morelia MEX"]
[Date "2007.02.16"]
[Round "2"]
[White "Quezada,Y"]
[Black "Sanchez Enr.,O"]
[Result "1-0"]
[WhiteElo "2515"]
[BlackElo "2197"]

1.e4 c5 2.Nf3 d6 3.d4 cxd4 4.Nxd4 Nf6 5.Nc3 a6 6.f3 e6 7.Be3 b5 8.g4 Nfd7
9.Qd2 Nb6 10.a4 Nc4 11.Bxc4 bxc4 12.a5 Nd7 13.Na4 Qc7 14.Nb6 Rb8 15.Ne2 Be7
16.Qc3 O-O 17.Qxc4 Qb7 18.Qc3 Bh4+ 19.Ng3 f5 20.gxf5 exf5 21.O-O-O f4 22.Nf5 Rxf5
23.exf5 fxe3 24.Qc4+ Kh8 25.Qxh4 Nf6 26.Qf4 e2 27.Rd2 Qe7 28.Re1 Bb7 29.Rexe2 Qf7
30.Qxd6 Rg8 31.Kb1 Bxf3 32.Re7 Qh5 33.Qf4 Qh3 34.Qg3 Qxf5 35.Rd8 Bg4 36.Rxg8+ Nxg8
37.Re5 Qf1+ 38.Re1 Qf5 39.Rg1 Nf6 40.h3 Qxa5 41.Qb8+  1-0

[Event "Magistral II"]
[Site "Necochea ARG"]
[Date "2007.02.20"]
[Round "1"]
[White "Orsini,A"]
[Black "Zuriel,M"]
[Result "1-0"]
[WhiteElo "2370"]
[BlackElo "2197"]

1.e4 c5 2.Nf3 d6 3.d4 cxd4 4.Nxd4 Nf6 5.Nc3 a6 6.f3 e6 7.Be3 b5 8.Qd2 Nbd7
9.g4 Nb6 10.a4 bxa4 11.Nxa4 Nxa4 12.Rxa4 Bb7 13.Be2 Be7 14.O-O h6 15.Rfa1 Qc8
16.Rc4 Qd7 17.Qc3 Bd8 18.Nc6 d5 19.Ne5 Qd6 20.Rb4 Bc8 21.Bb5+ Nd7 22.Bc5 Qc7
23.Bc6 Bf6 24.Bd4 O-O 25.Nxd7 Bxd4+ 26.Rxd4 Bxd7 27.Bxa8 Qa7 28.Kg2 Qxa8
29.exd5 exd5 30.Qd2 Be6 31.b4 Rb8 32.c3 Qc6 33.Ra5 Rb5 34.Ra3 Rb6 35.h3 Qb7
36.Qd3 Qc6 37.f4 f5 38.gxf5 Bf7 39.Qe2 Qf6 40.Qe5 Qh4 41.Rd3 Rf6 42.Rg3 Kh7
43.Rg4 Qh5 44.Rxa6 d4 45.Rxf6 gxf6 46.Qxf6 Bd5+ 47.Kf2  1-0

[Event "Bundesliga 2006-7"]
[Site "Muelheim Nord GER"]
[Date "2007.02.24"]
[Round "10"]
[White "Cvek,R"]
[Black "L'Ami,E"]
[Result "1/2-1/2"]
[WhiteElo "2530"]
[BlackElo "2594"]

1.e4 c5 2.Nf3 d6 3.d4 cxd4 4.Nxd4 Nf6 5.Nc3 a6 6.f3 e5 7.Nb3 Be6 8.Be3 Be7
9.Qd2 O-O 10.O-O-O a5 11.Qe1 Qc7 12.a4 Rc8 13.Qf2 Nc6 14.Bb5 Qb8 15.g4 Nb4
16.g5 Ne8 17.Kb1 Nc7 18.Rd2 Nxb5 19.Nxb5 Rc6 20.Nc1 Na6 21.Ne2 Nc7 22.Nec3 Nxb5
23.Nxb5 Bc4 24.Na7 Ra6 25.b3 R6xa7 26.Bxa7 Rxa7 27.bxc4 Bxg5 28.Rd5 b6 29.Rb5 Rb7
30.Rd1 g6 31.Qe2 Be7 32.Ka2 Qc8 33.Kb3 Qb8 34.Qe3 Kg7 35.c3 h6 36.f4 exf4
37.Qxf4 Qc8 38.Qe3 Rc7 39.Qd3 Rc6 40.Rf1 Bf6 41.Qd5 Qc7 42.Rf3 h5 43.h3 Rc5
44.Rxc5 bxc5 45.Qa8 Be5 46.Qd5 h4 47.Qa8 Bg3 48.Qe8 Qb7+ 49.Kc2 Be5 50.Re3 Kh6
51.Qb5 Qc7 52.Rf3 f6 53.Kd3 Qd8 54.Kc2 Kh5 55.Qb7 Qg8 56.Kb3 Qe6 57.Qg7 Qe8
58.Qh7+ Kg5 59.Qg7 Bf4 60.Rxf4 Kxf4 61.Qxf6+ Kg3 62.Qxd6+ Kxh3 63.e5 Kg4
64.e6 h3 65.Qd7 Qxd7 66.exd7 h2 67.d8=Q h1=Q 68.Qc8+  1/2-1/2

[Event "23rd Open"]
[Site "Cappelle la Grande FRA"]
[Date "2007.03.06"]
[Round "5"]
[White "Vorobiov,E"]
[Black "Gashimov,V"]
[Result "1/2-1/2"]
[WhiteElo "2563"]
[BlackElo "2658"]

1.e4 c5 2.Nf3 d6 3.d4 cxd4 4.Nxd4 Nf6 5.Nc3 a6 6.f3 e5 7.Nb3 Be6 8.Be3 Be7
9.Qd2 Nbd7 10.g4 h6 11.O-O-O b5 12.h4 Nb6 13.Qf2 Rb8 14.Nc5 b4 15.Nb1 d5
16.exd5 Nfxd5 17.Nxa6 Rc8 18.Bb5+ Kf8 19.Rd3 Nd7 20.Nd2 Qa5 21.Bxd7 Bxd7
22.Nb3 Qxa2 23.Rxd5 Qxb3 24.Rxd7 Qa4 25.Rhd1 Qa1+ 26.Kd2 Qxa6 27.Qf1 Qxf1
28.Rxf1 Bxh4 29.f4 Rd8 30.Rxd8+ Bxd8 31.fxe5 Ke7 32.Bc5+ Ke6 33.Bxb4 Bc7
34.Bd6 Bxd6 35.exd6 f6 36.c4 Kxd6 37.Rf5 Ke6 38.b4 g5 39.Rc5 h5 40.gxh5 Rxh5
41.b5 Rh2+ 42.Kc3 Rh8 43.Rc6+ Ke5 44.b6 g4 45.Rc7 g3 46.Rg7 Kd6 47.Kb4 Kc6
48.Rg6 Kxb6 49.Rxf6+ Kc7 50.Rg6 g2 51.Rxg2 Rh6  1/2-1/2

[Event "Victor Ciocaltea Mem"]
[Site "Bucharest ROM"]
[Date "2007.03.07"]
[Round "2"]
[White "Berescu,A"]
[Black "Szabo,G ROM"]
[Result "1/2-1/2"]
[WhiteElo "2495"]
[BlackElo "2496"]

1.e4 c5 2.Nf3 d6 3.d4 cxd4 4.Nxd4 Nf6 5.Nc3 a6 6.f3 e5 7.Nb3 Be6 8.Be3 Be7
9.Qd2 O-O 10.O-O-O a5 11.Qe1 Qc7 12.a4 Rc8 13.g4 Na6 14.g5 Nd7 15.h4 Nb6
16.Bb5 Nb4 17.Bxb6  1/2-1/2

[Event "ch-POL w"]
[Site "Barlinek POL"]
[Date "2007.03.09"]
[Round "2"]
[White "Chlost,M"]
[Black "Zawadzka,J"]
[Result "0-1"]
[WhiteElo "2138"]
[BlackElo "2350"]

1.e4 c5 2.Nf3 d6 3.d4 cxd4 4.Nxd4 Nf6 5.Nc3 a6 6.f3 Qb6 7.Nb3 e6 8.g4 Nc6
9.Qe2 Qc7 10.Be3 b5 11.O-O-O Nd7 12.Qf2 Rb8 13.Kb1 Nce5 14.Ba7 Ra8 15.Bd4 Bb7
16.a3 Rc8 17.Rg1 Nc6 18.Be3 Be7 19.g5 b4 20.axb4 Nxb4 21.Rd4 d5 22.exd5 Nxd5
23.Nxd5 Bxd5 24.Bxa6 Ra8 25.Bb5 O-O 26.Rxd5 exd5 27.f4 Rfb8 28.Bd3 Qc6 29.Qh4 Nf8
30.Rg3 Qa4 31.Rh3 g6 32.Qg4 Bb4 33.f5 Qa2+  0-1

[Event "Victor Ciocaltea Mem"]
[Site "Bucharest ROM"]
[Date "2007.03.11"]
[Round "6"]
[White "Berescu,A"]
[Black "Barnaure,V"]
[Result "1/2-1/2"]
[WhiteElo "2495"]
[BlackElo "2433"]

1.e4 c5 2.Nf3 d6 3.d4 Nf6 4.Nc3 cxd4 5.Nxd4 a6 6.f3 e5 7.Nb3 Be6 8.Be3 Be7
9.Qd2 O-O 10.O-O-O a5 11.Bb5 Na6 12.Qe2 Qb8 13.g4 Rc8 14.g5 Ne8 15.Kb1 Nec7
16.Ba4 Nb4 17.Bb6 Ra6 18.Bxc7 Rxc7 19.Bb5 Ra8 20.a3 a4 21.Nc1 Nc6 22.Qe3 Nd4
23.Bd3 Qd8 24.N1e2 Bxg5 25.f4 Nxe2 26.Nxe2 exf4 27.Nxf4 Rc5 28.Nxe6 Bxe3
29.Nxd8 Rxd8 30.c3 Bf4 31.Bc2 b5 32.h3 Be5 33.Rd3 Rb8 34.Rhd1 h5 35.Rd5 Rc7
36.Bd3 Rcb7 37.Kc2 Kf8 38.Be2 g6 39.Rg1 Ke7 40.Bd3 Kd7 41.Be2 Kc6 42.Bf3 Re7
43.Bg2 Rc7 44.Bf1 Bf4 45.Bg2 Be5 46.Bf1 Rb6 47.Be2 Re7 48.Bf3 Re6 49.Rf1 Rf6
50.Rdd1 Kd7 51.Be2 Rxf1 52.Rxf1 Ke6 53.Kd2 Rb7 54.Ke3  1/2-1/2

[Event "Open"]
[Site "Zagreb CRO"]
[Date "2007.03.17"]
[Round "1"]
[White "Kalajzic,I"]
[Black "Videkovic,M"]
[Result "1-0"]
[WhiteElo "2241"]
[BlackElo "1930"]

1.e4 c5 2.Nf3 d6 3.d4 cxd4 4.Nxd4 Nf6 5.Nc3 a6 6.f3 e5 7.Nb3 h6 8.Be3 Be6
9.Qd2 Be7 10.O-O-O Nc6 11.g4 b5 12.h4 Nd7 13.Qf2 Qc8 14.Kb1 Nb4 15.Nd5 Bxd5
16.exd5 Nf6 17.c4 bxc4 18.Rc1 Nbxd5 19.Bxc4 Qd7 20.Bd2 Nc7 21.Bd3 e4 22.fxe4 Nxg4
23.Qg3 Nb5 24.h5 Bf6 25.Rhg1 Ne5 26.Be2 Qb7 27.Qg2 Rb8 28.Rc2 Nc6 29.e5 Nxe5
30.Qxb7 Rxb7 31.Rc8+ Bd8 32.Rxg7 Kd7 33.Rc1 Bf6 34.Rgg1 Rc7 35.Rcf1 Ke7 36.a4 Na7
37.Nd4 Nc4 38.Nf5+ Ke6 39.Bc1 Rb8  1-0

[Event "56th ch-BUL w"]
[Site "Pernik BUL"]
[Date "2007.03.19"]
[Round "10"]
[White "Stefanova,M"]
[Black "Genova,R"]
[Result "1-0"]
[WhiteElo "2034"]
[BlackElo "2243"]

1.e4 c5 2.Nf3 d6 3.d4 cxd4 4.Nxd4 Nf6 5.Nc3 a6 6.f3 e5 7.Nb3 Be6 8.Be3 Nc6
9.Qd2 Be7 10.O-O-O Na5 11.Na4 Nxb3+ 12.axb3 b5 13.Nc3 Qb8 14.g4 b4 15.Na4 Nd7
16.Qf2 O-O 17.h4 Rc8 18.Kb1 Qb7 19.g5 Rc6 20.h5 Rac8 21.Bd3 Nc5 22.Nxc5 dxc5
23.g6 fxg6 24.hxg6 hxg6 25.Qh2 c4 26.Qh7+ Kf7 27.Rdg1 Bf6 28.Qxg6+ Ke7 29.Bxc4 Rxc4
30.bxc4 b3 31.Bg5 bxc2+ 32.Kc1 Bf7 33.Bxf6+ gxf6 34.Qxf7+  1-0

[Event "Vladimir Zak mem"]
[Site "St Petersburg RUS"]
[Date "2007.03.24"]
[Round "1"]
[White "Melnikov,D"]
[Black "Pleshkov,M"]
[Result "1-0"]
[WhiteElo "2353"]
[BlackElo "2078"]

1.e4 c5 2.Nf3 d6 3.d4 cxd4 4.Nxd4 Nf6 5.Nc3 a6 6.f3 e5 7.Nb3 Be6 8.Be3 Be7
9.Qd2 O-O 10.O-O-O b5 11.g4 Nbd7 12.g5 Nh5 13.Nd5 Bxd5 14.exd5 Nb6 15.Na5 Qc7
16.Nc6 Bd8 17.Qa5 Nd7 18.Qxc7 Bxc7 19.c4 bxc4 20.Bxc4 Bb6 21.Bd2 Kh8 22.b4 Rfc8
23.Kb2 f6 24.gxf6 Nhxf6 25.Kb3 Rc7 26.a4 Nb8 27.Nxb8 Rxb8 28.Bxa6 Nxd5 29.Rc1 Bc5
30.Bb5 Bd4 31.Rxc7 Nxc7 32.Bd3 Nd5 33.Rc1 h6 34.Rc6 g5 35.Rxd6 Nxb4 36.Bxb4 Bc5
37.Bb5 Bxd6 38.Bxd6 Rd8 39.Bxe5+  1-0

[Event "Vladimir Zak mem"]
[Site "St Petersburg RUS"]
[Date "2007.03.25"]
[Round "2"]
[White "Korchagina,V"]
[Black "Fedoseev,S"]
[Result "1-0"]
[WhiteElo "2123"]
[BlackElo "2243"]

1.e4 c5 2.Nf3 d6 3.d4 cxd4 4.Nxd4 Nf6 5.Nc3 a6 6.f3 e6 7.Be3 Nc6 8.Qd2 Be7
9.O-O-O O-O 10.g4 Nd7 11.h4 Nde5 12.Qf2 b5 13.Nxc6 Nxc6 14.f4 Rb8 15.g5 Qa5
16.Kb1 b4 17.Ne2 Qc7 18.h5 Bd7 19.f5 Rfc8 20.g6 Ne5 21.Nd4 exf5 22.exf5 h6
23.gxf7+ Nxf7 24.Ne6 Bxe6 25.fxe6 Ng5 26.Bxg5 Bxg5 27.Bd3 Rf8 28.Qg2 Qb7
29.Be4 Qe7 30.Qe2 a5 31.Bd3 Rf4 32.Bg6 a4 33.Rhf1 a3 34.Rxf4 Bxf4 35.Qc4 Be5
36.Rf1 Bf6 37.Bd3 Re8 38.Qe4 Kf8 39.Bc4 axb2 40.Qh7 Qd8 41.Qh8+ Ke7 42.Qxg7+  1-0

[Event "Open"]
[Site "Zagreb CRO"]
[Date "2007.03.25"]
[Round "9"]
[White "Mrdja,M"]
[Black "Filipovic,Ma"]
[Result "1/2-1/2"]
[WhiteElo "2397"]
[BlackElo "2287"]

1.e4 c5 2.Nf3 d6 3.d4 cxd4 4.Nxd4 Nf6 5.Nc3 a6 6.f3 e5 7.Nb3 Be6 8.Be3 Nbd7
9.Qd2 b5 10.O-O-O Nb6 11.Qf2 Nfd7 12.f4 Rc8 13.Nd5 Bxd5 14.exd5 Be7 15.fxe5 dxe5
16.h4 Nc4 17.g3 O-O 18.Kb1 Qc7 19.Bg5 f6 20.Bc1 f5 21.Bh3 Nd6 22.Rhe1 a5
23.Qg2 Bf6 24.Rf1 a4 25.Na1 Be7 26.a3 h5 27.c3 g6 28.Nc2 Bf6 29.Nb4 Nc5 30.Nc6 Rce8
31.Rfe1 Bg7 32.Qg1 Nd7 33.Bf1 e4 34.Bf4 Be5 35.Nd4 Bxd4 36.Qxd4 Rb8 37.Rc1 Nc5
38.Rc2 Kh7 39.Qe5 Rfd8 40.Be2 Qf7 41.Qd4 Rbc8 42.Rd1 Nc4 43.Bxc4 bxc4 44.Qxc4 Nd3
45.Qxa4 Rxd5 46.Rcd2 Qb7 47.Qc2 Rb5 48.Rxd3 exd3 49.Rxd3 Re8 50.c4 Rb6 51.Ka2 Rc6
52.Qb3 Qf7 53.Rd5 Rec8 54.Qd3 Re8 55.b3 Rce6 56.a4 Re2+ 57.Ka3 R2e7 58.Rd6 Rb7
59.Rd5 Qe7+ 60.c5 Rc8 61.b4 Ra8 62.a5 Raa7 63.Qe3 Qf7 64.Qd2 Qe6 65.Qd4 Rd7
66.Rd6 Rxd6 67.cxd6 Rd7 68.a6 Qe2 69.Kb3 Qxa6 70.Qc4 Qb7 71.b5 Qf3+ 72.Kb4 Ra7
73.Kc5 Qf2+ 74.Kc6 Qf3+ 75.Qd5 Qc3+ 76.Kb6 Qa5+ 77.Kc5 Qa3+ 78.Kc6 Qc3+ 79.Kb6 Qa5+
80.Kc5 Qa3+ 81.Kb6 Qa5+ 82.Kc6 Qc3+  1/2-1/2

[Event "Bundesliga 2006-7"]
[Site "Baden Baden GER"]
[Date "2007.04.01"]
[Round "15"]
[White "Cvek,R"]
[Black "Areshchenko,A"]
[Result "1/2-1/2"]
[WhiteElo "2530"]
[BlackElo "2644"]

1.e4 c5 2.Nf3 d6 3.d4 cxd4 4.Nxd4 Nf6 5.Nc3 a6 6.f3 e5 7.Nb3 Be6 8.Be3 h5
9.Nd5 Bxd5 10.exd5 Nbd7 11.Qd2 Qc7 12.Na5 b6 13.Nc6 Nxd5 14.Qxd5 Nf6 15.Qb3 Qxc6
16.O-O-O b5 17.Bg5 Be7 18.Bd3 Rc8 19.Kb1 Nd7 20.Be3 d5 21.c3 Rd8 22.Rhe1 O-O
23.Bc2 Nf6 24.Bf2 Bd6 25.Bh4 Bc7 26.Bxf6 Qxf6 27.Rxd5 Qh4 28.Red1 Qxh2 29.Rxd8 Rxd8
30.Rxd8+ Bxd8 31.Qd5 Qg1+ 32.Qd1 Qxd1+ 33.Bxd1 Kh7 34.f4 exf4 35.Bxh5 f5
36.Kc2 g5 37.Kd3 g4 38.Ke2 Bb6 39.Be8 Kh6 40.Bd7 Kg5 41.Bc8 a5 42.Bd7 b4
43.cxb4 axb4 44.a3 b3 45.Be6 Kh4 46.Bxf5 Bd4 47.Kf1 Bxb2 48.Be6 Bxa3  1/2-1/2

[Event "Bundesliga 2006-7"]
[Site "Eppingen GER"]
[Date "2007.04.01"]
[Round "15"]
[White "Baramidze,D"]
[Black "Alekseev,Evgeny"]
[Result "1-0"]
[WhiteElo "2561"]
[BlackElo "2661"]

1.e4 c5 2.Nf3 d6 3.d4 cxd4 4.Nxd4 Nf6 5.Nc3 a6 6.f3 e5 7.Nb3 Be6 8.Be3 Be7
9.Qd2 O-O 10.O-O-O Nbd7 11.g4 Qc7 12.Kb1 b5 13.g5 Nh5 14.Nd5 Bxd5 15.exd5 Nb6
16.Rg1 g6 17.h4 Rab8 18.Qf2 Nc4 19.Bc1 a5 20.Nd2 f5 21.gxf6 Nxf6 22.Bh3 Kh8
23.Be6 a4 24.Nxc4 bxc4 25.Qe3 c3 26.h5 Nxh5 27.Rxg6 Nf4 28.Rg4 Bf6 29.Rdg1 cxb2
30.Bd2 Nxe6 31.dxe6 Rg8 32.Rxg8+ Rxg8 33.Rxg8+ Kxg8 34.Qe4 Kf8 35.Bh6+ Ke8
36.Qg4 Ke7 37.Qg8  1-0

[Event "XXXVIII Open"]
[Site "Mar del Plata ARG"]
[Date "2007.04.03"]
[Round "5"]
[White "Cubas,Jo"]
[Black "Kovalyov,A"]
[Result "1-0"]
[WhiteElo "2414"]
[BlackElo "2475"]

1.e4 c5 2.Nf3 d6 3.d4 cxd4 4.Nxd4 Nf6 5.Nc3 a6 6.f3 e5 7.Nb3 Be6 8.Be3 Nbd7
9.Qd2 Rc8 10.g4 b5 11.g5 Nh5 12.a4 Be7 13.axb5 axb5 14.Bxb5 O-O 15.Nd5 Bxd5
16.exd5 Nf4 17.Ra7 Rc7 18.Rxc7 Qxc7 19.Bxf4 exf4 20.Bxd7 Qxd7 21.Qxf4 Qb5
22.Qd2 Rc8 23.h4 g6 24.h5 Bf8 25.h6 Qc4 26.Kd1 Rb8 27.Qd4 Qa6 28.Re1 Rc8
29.Nd2 f5 30.Re7 Qa1+ 31.Ke2  1-0

[Event "8th ch-Euro"]
[Site "Dresden GER"]
[Date "2007.04.05"]
[Round "3"]
[White "Szabo,Kr1"]
[Black "Brkic,A"]
[Result "0-1"]
[WhiteElo "2465"]
[BlackElo "2570"]

1.e4 c5 2.Nf3 d6 3.d4 cxd4 4.Nxd4 Nf6 5.Nc3 a6 6.f3 e5 7.Nb3 Be6 8.Be3 Be7
9.Qd2 O-O 10.O-O-O a5 11.Qe1 Qc8 12.a4 Nc6 13.g4 Nb4 14.Kb1 Qc7 15.Bf2 d5
16.Bb6 Qc8 17.exd5 Nfxd5 18.Nxd5 Bxd5 19.Bxa5 Bxb3 20.Bxb4 Ba2+ 21.Kxa2 Rxa4+
22.Kb1 Qa8 23.Ba3 Bxa3 24.bxa3 Rxa3 25.Ba6 Qxa6 26.Qxe5 Ra5 27.Qc3 Ra8 28.Kc1 Qh6+  0-1

[Event "1st Archil Ebralidze Mem"]
[Site "Tbilisi GEO"]
[Date "2007.04.05"]
[Round "3"]
[White "Aroshidze,L"]
[Black "Margvelashvili,G"]
[Result "1/2-1/2"]
[WhiteElo "2500"]
[BlackElo "2432"]

1.e4 c5 2.Nf3 d6 3.d4 cxd4 4.Nxd4 Nf6 5.Nc3 a6 6.f3 Qb6 7.g4 Nc6 8.Nb3 e6
9.Qe2 Qc7 10.Be3 b5 11.O-O-O Nd7 12.Kb1  1/2-1/2

[Event "8th ch-Euro w"]
[Site "Dresden GER"]
[Date "2007.04.06"]
[Round "4"]
[White "Rudolph,A"]
[Black "Petrenko,S"]
[Result "1/2-1/2"]
[WhiteElo "2187"]
[BlackElo "2319"]

1.e4 c5 2.Nf3 d6 3.d4 cxd4 4.Nxd4 Nf6 5.Nc3 a6 6.f3 b5 7.a4 b4 8.Nd5 Nxd5
9.exd5 g6 10.Be3 Bg7 11.Qd2 a5 12.Bb5+ Bd7 13.c3 bxc3 14.bxc3 O-O 15.O-O e5
16.dxe6 fxe6 17.Bh6 Na6 18.Bxg7 Kxg7 19.Bxd7 Qxd7 20.Nb5 d5 21.Rfe1 Rac8
22.Qd4+ Kg8 23.Qb6 Nc5 24.Ra2 Rfe8 25.Qxa5 e5 26.Rd1 e4 27.fxe4 Rxe4 28.Nd4 Qe7
29.Raa1 Rf8 30.Rf1 Rxf1+ 31.Rxf1 Re1 32.Nc2 Re2 33.Nd4 Re1 34.Nc2 Re2 35.Nd4 Re1  1/2-1/2

[Event "8th ch-Euro"]
[Site "Dresden GER"]
[Date "2007.04.06"]
[Round "4"]
[White "Bogner,S"]
[Black "Boettger,L"]
[Result "1-0"]
[WhiteElo "2331"]
[BlackElo "2096"]

1.e4 c5 2.Nf3 d6 3.d4 cxd4 4.Nxd4 Nf6 5.Nc3 a6 6.f3 Qb6 7.g4 h6 8.Nb3 e6
9.Qe2 Nbd7 10.Be3 Qc7 11.O-O-O b5 12.Qf2 Bb7 13.h4 Rc8 14.Rg1 g6 15.g5 Nh5
16.Kb1 Ba8 17.a3 Ne5 18.Bd4 Rg8 19.gxh6 Bxh6 20.Bxb5+ axb5 21.Bxe5 dxe5 22.Nxb5 Qb8
23.Nd6+ Kf8 24.Nxc8 Qxc8 25.Qa7 Kg7 26.Rd7 Rf8 27.Nc5 Qc6 28.Rgd1 Be3 29.Nxe6+ Qxe6
30.Qxe3 Bc6 31.R7d6 Qc4 32.b3 Rb8 33.Kb2 Rb7 34.R1d3 Ba4 35.Rb6 Qc7 36.Rxb7 Qxb7
37.Rd5  1-0